000
00266nam a2200109Ia 4500
008
200302s9999 xx 000 0 und d
100
_a
Martin M. Pegler
245
_a
Retail Entertainment
260
_b
Retail Reporting Corporation
260
_c
1998
300
_a
175 P.,
999
_c
2139
_d
2139